000 00400cam a22001217a 4500
008 180718b1966 xxu||||| |||| 00| 0 eng d
082 _aA81x54 In2/61/Vol 9/Pt 11-F
100 _aCensus of India 1961
245 _aMadras: family planning attitude in Madras city
260 _aDelhi
_bThe Manager of Publications
_c1966
300 _a134p.
440 _aCensus of India 1961. Volume IX, Madras. Part XI-F
999 _c484205
_d484205